000 01125nam a22002897a 4500
003 0
005 20250913101351.0
008 250911b xxu||||| |||| 00| 0 eng d
020 _a978-0-316-08529-8
050 _aPZ 7.1
_b.C835 2010
100 _aCowell, Cressida,
_eauthor,
_eillustrator.
245 _aHow to train your dragon book 3 :
_bhow to speak Dragonese /
_cCressida Cowell.
250 _aFirst U.S. edition.
260 _aNew York :
_bLittle, Brown and Company,
_c2010.
300 _a223 pages :
_billustrations ;
_c20 cm.
490 _aHow to train your dragon
_vbk. 3
500 _aOriginally published in the U.K. by Hodder Children’s Books, 2005.
520 _aYoung Viking hero Hiccup Horrendous Haddock III must save his friend Fishlegs from Roman soldiers and learns to communicate in Dragonese to prevent a full-scale war.
650 _aVikings
_vFiction.
650 _aDragons
_vFiction.
650 _aKidnapping
_vFiction.
650 _aFriendship
_vFiction.
650 _aAdventure stories.
650 _aHumorous stories.
830 _aHow to train your dragon ;
_sbk. 3.
942 _2lcc
_cBK
999 _c367895
_d367895